| 000 | 03043ngm a2200493 4500 | ||
|---|---|---|---|
| 003 | dpl | ||
| 005 | 2008120409469.0 | ||
| 007 | DVD | ||
| 008 | ||||||sp199 xxu|||||c ||| 00| 0 ng d | ||
| 010 | _aDVD-001382-1384 & DVD-004826-4831 | ||
| 024 |
_aTSDVD-2352 _c49.00 |
||
| 035 | _aDVD-001382-1384 | ||
| 035 | _aDVD-004826-4831 | ||
| 040 |
_aDPL _cDPL |
||
| 082 | _aDVD / KRAZ | ||
| 245 |
_aKrazy 4 _cFilmkraft Productions (India) Pvt. Ltd. Presents _h[videorecording] DVD/ |
||
| 260 | _bSuper Cassette Industries Pvt. Ltd. | ||
| 300 |
_a1 videodisc DVD; _bsd., col. ; _c4 3/4 in. _fDVD |
||
| 440 | _aT-Series Home Entertainment | ||
| 500 | _aDigitally Re-Mastered From the Original Film | ||
| 538 | _aDolby Digital 5.1 - Hindi Subtitles: English | ||
| 538 | _aAnamorphic Wide Screen Format, Presented 2:35.1 Aspect Ratio Enhanced for 16:9 Wide Screen | ||
| 650 | _aMotion Picture | ||
| 700 | _aSem, Jaideep | ||
| 700 | _aRoshan, | ||
| 700 | _aBurman, R. D. | ||
| 700 | _aJeetendra | ||
| 700 | _aHema Malini | ||
| 700 | _aTagore, Sharmila | ||
| 700 | _aFarida Jalal | ||
| 700 | _aOm Shivpuri | ||
| 942 |
_cCF _2ddc _hDVD _mKHUS |
||
| 999 |
_c19472 _d19472 |
||